Discursos académicos / (Registro nro. 25777)

Detalles MARC
000 -LEADER
fixed length control field 00926nam a2200241 a 4500
005 - DATE AND TIME OF LATEST TRANSACTION
control field 20250331191041.0
007 - PHYSICAL DESCRIPTION FIXED FIELD--GENERAL INFORMATION
fixed length control field ta
008 - FIXED-LENGTH DATA ELEMENTS--GENERAL INFORMATION
fixed length control field 970829s1955 ck g 000 m spa
015 ## - NATIONAL BIBLIOGRAPHY NUMBER
National bibliography number ck-1955-xxxx
040 ## - CATALOGING SOURCE
Original cataloging agency CO-CtgCURN
Language of cataloging spa
Transcribing agency coctgcurn
082 04 - DEWEY DECIMAL CLASSIFICATION NUMBER
Classification number 815.08
Item number D611
Edition information 21
245 00 - TITLE STATEMENT
Title Discursos académicos /
Statement of responsibility, etc. varios autores.
260 ## - PUBLICATION, DISTRIBUTION, ETC.
Place of publication, distribution, etc. Bogotá :
Name of publisher, distributor, etc. ABC,
Date of publication, distribution, etc. 1955.
300 ## - PHYSICAL DESCRIPTION
Extent 3 v. ;
Dimensions 24 cm.
490 0# - SERIES STATEMENT
Series statement Biblioteca de la presidencia de la república de Colombia ;
Volume/sequential designation 18-20
500 ## - GENERAL NOTE
General note Ponencias y alocuciones de importantes personalidades de la vida nacional.
650 14 - SUBJECT ADDED ENTRY--TOPICAL TERM
Topical term or geographic name entry element Oratoria colombiana.
651 #4 - SUBJECT ADDED ENTRY--GEOGRAPHIC NAME
Geographic name Colombia
General subdivision Política y gobierno
Form subdivision Ensayos, conferencias, etc.
651 #0 - SUBJECT ADDED ENTRY--GEOGRAPHIC NAME
Geographic name Colombia
General subdivision Vida social y cotumbres
Form subdivision Ensayos, conferencias, etc.
942 ## - ADDED ENTRY ELEMENTS (KOHA)
Source of classification or shelving scheme Dewey Decimal Classification
Koha item type Libros
Classification part 815.08
Item part D611
Existencias
Withdrawn status Lost status Source of classification or shelving scheme Damaged status Not for loan Collection Home library Current library Shelving location Date acquired Inventory number Total checkouts Full call number Barcode Date last seen Copy number Price effective from Koha item type Public note
    Dewey Decimal Classification     General Miguel Henríquez Castañeda Miguel Henríquez Castañeda General 03/21/2018 017985   815.08 D611 017985 03/21/2018 v.2 03/21/2018 Libros 810-LITNOR
    Dewey Decimal Classification     General Miguel Henríquez Castañeda Miguel Henríquez Castañeda General 03/21/2018 022033   815.08 D611 022033 03/21/2018 v.3 03/21/2018 Libros 810-LITNOR